Statystyki dla Najwyższe wieżowce w polsce

Kliknij tutaj aby rozwiązać quiz!

Ogólne statystyki

  • Ten quiz został rozwiązany 89 razy
  • Średni wynik to 6 z 10

Statystyki odpowiedzi

HintOdpowiedź% Poprawnych
237 mPałac Kultury i Nauki
90%
212 mSky Tower
85%
310 mVarso Tower
82%
192 mZłota 44
74%
220 mWarsaw Spire
61%
195 mQ22
46%
192 mRondo 1
46%
195 mSkyliner
43%
208 mWarsaw Trade Tower
43%
180 mOlivia Star
36%

Rozkład punktacji

Percentyl według liczby udzielonych odpowiedzi

Procent ludzi z każdym wynikiem

Twoja historia wyników

Nie rozwiązałeś tego quizu